=LDR 00000nam 2200000 4500 =001 INLIS000000000030392 =005 20130612132535 =008 ***********************************Ind** =035 ##$$0010-061300000030392 =041 ##$$a Ind =082 ##$$a 658.15 =090 ##$$a 658.15, Sha f =100 ##$$a Shapiro, Alan C =245 ##$$a Foundations of multinational financial management, Alan C Shapiro =260 ##$$a 1991 $b America =300 ##$$a xix, 652 hlm, 25 cm =650 ##$$a Manajemen =850 ##$$a NBPNMAT